000 00506nam a22001817a 4500
003 UA-OsUOA
001 11941
007 ta
008 20050418b un ||||| |||| 00| 0 ukr d
100 _aЮлдашев О.
942 _cSA
040 _aUA-OsUOA
_cUA-OsUOA
_dUA-OsUOA
245 _aПомаранчева революція : уроки владі
300 _aС.33-37
955 _a0
773 0 _w0
_tПерсонал
_dКиїв
_d2005
_g№3
650 7 _aПомаранчева революція
_2UDC
999 _c298102
_d298102